000 00501nam a2200181Ia 4500
005 20250508163808.0
008 008 250505s9999 xx 000 0 eng d
037 _aTextual
040 _aFEDL
_beng
_cFEDL
041 _aeng
_2eng
084 _aB, CHA
_qFEDL
100 _aVenkataraman G
245 0 _aChandrasekhar and his limit
260 _aHyderabad, India
_bUniversities Press (India) Limited
_c1992
300 _aviii,139p.
942 _cTEXL
_hB, CHA
999 _c1385289
_d1385289